Suomen käräjäoikeudet - Statistics

Yleistilastot
  • Tätä visaa on pelattu 40 kertaa
  • Keskiarvotulos 14 / 20
Vastaustilastot
Keskuspaikka Käräjäoikeus % Oikein
Rovaniemi Lappi
84%
Maarianhamina Ahvenanmaa
78%
Kuopio Pohjois-Savo
78%
Lappeenranta Etelä-Karjala
76%
Kajaani Kainuu
76%
Tampere Pirkanmaa
76%
Mikkeli Etelä-Savo
73%
Lahti Päijät-Häme
73%
Vaasa Pohjanmaa
73%
Joensuu Pohjois-Karjala
73%
- Helsinki
70%
Seinäjoki Etelä-Pohjanmaa
68%
Hämeenlinna Kanta-Häme
68%
Jyväskylä Keski-Suomi
68%
Pori Satakunta
68%
Turku Varsinais-Suomi
68%
Kouvola Kymenlaakso
65%
Vantaa Itä-Uusimaa
57%
Espoo Länsi-Uusimaa
54%
- Oulu
49%
Ehtoja vastaavia visoja ei löytynyt
Tulosjakauma
Jokaisen tuloksen saaneiden osuus
Persentiili vastausten määrän mukaan
Tuloshistoriasi
Et ole pelannut tätä visaa